Ariana Grande - Chansons commençant par O - Statistiques

Statistiques générales
  • Ce quiz a été pris 22 fois
  • Le résultat moyen est 3 sur 5
Statistiques - réponses
O % Correct
One Last Time
76%
Obvious
71%
Only 1
53%
Ordinary Things
53%
Off the Table
29%
Aucun quiz correspondant
Distribution des résultats
% des personnes avec chaque résultat
Percentile par nombre de réponses
Votre historique - résultats
Vous n’avez pas pris ce quiz